Sale questionnaire to be tested (Record no. 78262)

MARC details
000 -LEADER
fixed length control field 00669cab a2200169 4500
001 - CONTROL NUMBER
control field L136384
008 - FIXED-LENGTH DATA ELEMENTS--GENERAL INFORMATION
fixed length control field 070130n2006 000 0 eng u
035 ## - SYSTEM CONTROL NUMBER
System control number (Sirsi) u136384
041 0# - LANGUAGE CODE
Language code of text/sound track or separate title eng
245 00 - TITLE STATEMENT
Title Sale questionnaire to be tested
260 ## - PUBLICATION, DISTRIBUTION, ETC.
Date of publication, distribution, etc. 2006
490 00 - SERIES STATEMENT
Series statement Journal of the Law Society of Scotland
Volume/sequential designation 51(11) November 2006, 48(1)
520 ## - SUMMARY, ETC.
Summary, etc. Discusses the launch of a 12 week pilot scheme in nine areas of the country which aims to test a form of seller's questionnaire on different types of live property transactions.
651 #4 - SUBJECT ADDED ENTRY--GEOGRAPHIC NAME
Geographic name Scotland
Chronological subdivision 1999-
690 ## - LOCAL SUBJECT ADDED ENTRY--TOPICAL TERM (OCLC, RLIN)
Topical term or geographic name as entry element PROPERTY-RESIDENTIAL PROPERTY-RESIDENTIAL PROPERTY ACQUISITION AND DISPOSAL
942 ## - ADDED ENTRY ELEMENTS (KOHA)
Suppress in OPAC 0
Holdings
Withdrawn status Lost status Source of classification or shelving scheme Damaged status Not for loan Home library Current library Shelving location Date acquired Total Checkouts Full call number Barcode Date last seen Copy number Price effective from Koha item type
    Dewey Decimal Classification     London London Journal article 30/01/2007   L136384 136384-2001 06/08/2019 1 06/08/2019 Journal article